000 00375 a2200109 4500
001 ART_16203
005 20260410161853.0
008 260409a
245 1 0 _aEl paradigma discursivo de la "ciencia social"
100 1 _aUrriza, R. Ignacio
773 0 _tFilosofía del derecho
_gCuestiones epistemológica y normativas - Año I, Nº 2 (dic. 2012)
_wREV10449
999 _c25188
_d25188